000
00238 a2200097 4500
001
29704
100
_a
Su K L
245
_a
Fundamental of circuits electronics and signal analysis
260
_a
_b
Houghton
_c
1978
090
_c
19724
_d
19724
942
_a
NUST-CAE
_c
M
_c
10807
999
_c
264777
_d
264777